000 00258nam a2200097Ia 4500
008 230508s2014 xx 000 0 und d
041 _aeng
100 _aKHURMI R.S./ GUPTA J.K.
245 _aA TEXTBOOK OF MACHINE DESIGN
260 _bEURASIA PUBLISHING H
_c2014
999 _c336678
_d336678